Analýza vývoja výdavkov vlády v slovenskej ekonomike diplomová práca

Guardado en:
Detalles Bibliográficos
Autor principal: Oravcová, Beáta
Autor Corporativo: Fakulta hospodárskej informatiky EU. Katedra operačného výskumu a ekonometrie
Otros Autores: Ivaničová, Zlatica
Formato: Libro
Lenguaje:eslovaco
Publicado: Bratislava 2014
Etiquetas: Agregar Etiqueta
Sin Etiquetas, Sea el primero en etiquetar este registro!

MARC

LEADER 00000nbm a2200000 4500
001 0188499
005 20170201103422.5
041 0 |a slo 
044 |a SK 
245 1 0 |a Analýza vývoja výdavkov vlády v slovenskej ekonomike  |b diplomová práca  |c Beáta Oravcová ; školiteľ: Zlatica Ivaničová 
264 1 |a Bratislava  |c 2014 
300 |a 61 s. 
100 1 |a Oravcová, Beáta 
700 1 |a Ivaničová, Zlatica 
710 2 |a Fakulta hospodárskej informatiky EU. Katedra operačného výskumu a ekonometrie